Normal view
MARC view
- ABHISHIKTH ALBY
Entry Personal Name
001 - CONTROL NUMBER
- control field: 5504
003 - CONTROL NUMBER IDENTIFIER
- control field: OSt
005 - DATE AND TIME OF LATEST TRANSACTION
- control field: 20230712110425.0
008 - FIXED-LENGTH DATA ELEMENTS
- fixed length control field: 230712|| aca||aabn | a|a d
040 ## - CATALOGING SOURCE
- Original cataloging agency: OSt
- Transcribing agency: OSt
100 ## - HEADING--PERSONAL NAME
- Personal name: ABHISHIKTH ALBY
- Personal name: ALEENA SUNIL
- Personal name: ANAMIKA KRISHNAN
- Personal name: MANYA MANOJ
670 ## - SOURCE DATA FOUND
- Source citation: Work cat.: (OSt)17724: ABHISHIKTH ALBY ALEENA SUNIL ANAMIKA KRISHNAN MANYA MANOJ, MODIFICATION AND EVALUATION OF JACK FRUIT SEED PEELER, 2023
